Terminal tiga (Record no. 158184)

MARC details
000 -LEADER
fixed length control field 00633nam a2200241 i 4500
001 - CONTROL NUMBER
control field C2-0210604
003 - CONTROL NUMBER IDENTIFIER
control field PPAK
005 - DATE AND TIME OF LATEST TRANSACTION
control field 20180728102250.0
008 - FIXED-LENGTH DATA ELEMENTS--GENERAL INFORMATION
fixed length control field 990321s1997 my |||| ||||| | may d
020 ## - INTERNATIONAL STANDARD BOOK NUMBER
International Standard Book Number 9836259422
040 ## - CATALOGING SOURCE
Original cataloging agency PPAK
Language of cataloging eng
Transcribing agency PPAK
Description conventions rda
082 04 - DEWEY DECIMAL CLASSIFICATION NUMBER
Classification number 899.233
Edition number 23
090 00 - LOCALLY ASSIGNED LC-TYPE CALL NUMBER (OCLC); LOCAL CALL NUMBER (RLIN)
Classification number (OCLC) (R) ; Classification number, CALL (RLIN) (NR) 899.233
Feature heading OTH
Feature heading G
100 0# - MAIN ENTRY--PERSONAL NAME
Personal name Othman Puteh,
Relator term author
245 10 - TITLE STATEMENT
Title Terminal tiga
264 #1 - PRODUCTION, PUBLICATION, DISTRIBUTION, MANUFACTURE, AND COPYRIGHT NOTICE
Place of production, publication, distribution, manufacture Kuala Lumpur :
Name of producer, publisher, distributor, manufacturer Dewan Bahasa dan Pustaka ,
Date of production, publication, distribution, manufacture, or copyright notice 1997
300 ## - PHYSICAL DESCRIPTION
Extent 157 pages ;
Dimensions 19 cm
336 ## - CONTENT TYPE
Source rdacontent
Content type term text
337 ## - MEDIA TYPE
Source rdamedia
Media type term unmediated
338 ## - CARRIER TYPE
Source rdacarrier
Carrier type term volume
650 10 - SUBJECT ADDED ENTRY--TOPICAL TERM
Topical term or geographic name entry element Malay fiction
942 ## - ADDED ENTRY ELEMENTS (KOHA)
-- dc
Koha item type Book
Holdings
Withdrawn Not for loan Current library Shelving location Date acquired Full call number Barcode Date last seen Koha item type Total Checkouts
    Perpustakaan Awam Sungai Petani Pinjaman Dewasa 31/03/2002 899.233 OTH A00990787 01/06/2018 Book  
    Perpustakaan Baling Pinjaman Dewasa 31/03/2003 899.233 OTH A01043608 01/06/2018 Book  
    Perpustakaan Bandar Baharu Pinjaman Dewasa 23/03/2000 899.233 OTH A00892981 01/06/2018 Book  
    Perpustakaan Bandar Baharu Pinjaman Dewasa 23/03/2000 899.233 OTH A00892982 01/06/2018 Book  
    Perpustakaan Bandar Baharu Pinjaman Dewasa 31/03/2002 899.233 OTH A00990796 01/06/2018 Book  
    Perpustakaan Sik Pinjaman Dewasa 21/03/1999 899.233 OTH A00270351 01/06/2018 Book  
    Bergerak 1, Alor Setar Pinjaman Dewasa 31/03/2002 899.233 OTH A00990798 01/06/2018 Book  
    Bergerak 3, Baling Pinjaman Dewasa 31/03/2002 899.233 OTH A00990801 01/06/2018 Book  
    Bergerak 3, Baling Pinjaman Dewasa 31/03/2002 899.233 OTH A00990802 01/06/2018 Book  
    Bergerak 4, Sungai Petani Pinjaman Dewasa 31/03/2002 899.233 OTH A00990804 01/06/2018 Book  
    Bergerak 5, Kulim Pinjaman Dewasa 31/03/2002 899.233 OTH A00990806 01/06/2018 Book  
    Bergerak 5, Kulim Pinjaman Dewasa 31/03/2002 899.233 OTH A00990809 01/06/2018 Book  
    Bergerak 5, Kulim Pinjaman Dewasa 31/03/2002 899.233 OTH A00990810 01/06/2018 Book  
    PD17, Kg. Binjul, Kuala Ketil Pinjaman Dewasa 01/06/1999 899.233 OTH A00265442 01/06/2018 Book  
    PD17, Kg. Binjul, Kuala Ketil Pinjaman Dewasa 22/08/1999 899.233 OTH A00286375 01/06/2018 Book  
    PD18, Kg. Wang Tepus, Jitra Pinjaman Dewasa 01/06/1999 899.233 OTH A00265444 01/06/2018 Book  
    PD20, Felda Lubuk Merbau, Pendang Pinjaman Dewasa 22/08/1999 899.233 OTH A00286372 01/06/2018 Book  
    PD20, Felda Lubuk Merbau, Pendang Pinjaman Dewasa 22/08/1999 899.233 OTH A00286373 01/06/2018 Book  
    PD23, Taman Mas Merah, Titi Gajah, Alor Setar Pinjaman Dewasa 23/03/2000 899.233 OTH A00897424 01/06/2018 Book  
    PD23, Taman Mas Merah, Titi Gajah, Alor Setar Pinjaman Dewasa 23/03/2000 899.233 OTH A00897425 01/06/2018 Book  
    PD25, KEDA Batu 13, Pokok Sena Pinjaman Dewasa 08/03/2000 899.233 OTH A00885086 01/06/2018 Book  
    PD25, KEDA Batu 13, Pokok Sena Pinjaman Dewasa 08/03/2000 899.233 OTH A00885085 01/06/2018 Book  
    PD27, Kg. Bendang Bukit, Pendang Pinjaman Dewasa 26/06/2000 899.233 OTH A00921506 01/06/2018 Book  
    PD27, Kg. Bendang Bukit, Pendang Pinjaman Dewasa 26/06/2000 899.233 OTH A00921507 01/06/2018 Book  
    PD28, Kg. Paya Kerchut, Pendang Pinjaman Dewasa 26/06/2000 899.233 OTH A00921508 01/06/2018 Book  
    PD28, Kg. Paya Kerchut, Pendang Pinjaman Dewasa 26/06/2000 899.233 OTH A00921509 01/06/2018 Book